| 000 | 00359nam a2200145Ia 4500 | ||
|---|---|---|---|
| 008 | 230917s9999||||xx |||||||||||||| ||und|| | ||
| 040 |
_e126699 _aMAIN |
||
| 041 | _aEnglish | ||
| 082 | _a320.80954 K96L | ||
| 100 | _aKumar, Girish | ||
| 245 | 0 | _aLocal democracy in India | |
| 260 |
_aNew Delhi _bSage Publications _c2006 |
||
| 300 | _a326p p. | ||
| 942 | _cBK | ||
| 999 |
_c148618 _d148618 |
||